Hayat-E-Ihsan Danish (Record no. 8414)

MARC details
000 -LEADER
fixed length control field 00651nam a2200253 a 4500
020 ## - INTERNATIONAL STANDARD BOOK NUMBER
ISBN
082 00 - DEWEY DECIMAL CLASSIFICATION NUMBER
Classification number 891.43909
Author Cutter IHA
100 ## - MAIN ENTRY--AUTHOR NAME
Author name Ihsani, Karimi Al
245 ## - TITLE STATEMENT
Title Hayat-E-Ihsan Danish
260 ## - PUBLICATION, DISTRIBUTION, ETC. (IMPRINT)
Place of publication Muzafarnagar, N.D
Name of publisher Maulana Vakeel -Ul-Rahman Vakeel
Year of publication 1980
300 ## - PHYSICAL DESCRIPTION
Number of Pages 336p
500 ## - GENERAL NOTE
General note includes index and biblioraphy
505 2# - FORMATTED CONTENTS NOTE
Formatted contents note Part 1 and 2
650 ## - SUBJECT ADDED ENTRY--TOPICAL TERM
Topical Term Urdu-Poetry-ihsan Danish
650 ## - SUBJECT ADDED ENTRY--TOPICAL TERM
Topical Term Biography-Urdu Poets
942 ## - ADDED ENTRY ELEMENTS (KOHA)
Koha item type Books
700 1# -
-- Ihsani, Karimi Al
Holdings
Collection code Home library Current library Date acquired Cost, normal purchase price Full call number Accession Number Koha item type
  Henry Martyn Institute Library Henry Martyn Institute Library 02/07/2008 25.00 891.43909 IHA 011930 Books
                   Copyright © 2026 | Henry Martyn Institute | Hyderabad | TS-500052 | INDIA | Implemented by hmi.edu.in
Hit-Count:

Powered by Koha